Human ecology of the Khadar tracts in Meerut district. (Record no. 693753)

MARC details
000 -LEADER
fixed length control field 00831nam a2200241Ia 4500
003 - CONTROL NUMBER IDENTIFIER
control field OSt
005 - DATE AND TIME OF LATEST TRANSACTION
control field 20220927105648.0
008 - FIXED-LENGTH DATA ELEMENTS--GENERAL INFORMATION
fixed length control field 220926b |||||||| |||| 00| 0 eng d
037 ## - SOURCE OF ACQUISITION
Terms of availability Reference Collections
040 ## - CATALOGING SOURCE
Original cataloging agency RTL
Transcribing agency RTL
Language of cataloging eng
041 ## - LANGUAGE CODE
Source of code eng
Language code of text/sound track or separate title eng
100 ## - MAIN ENTRY--PERSONAL NAME
Personal name SHARMA Mumta Mayee
9 (RLIN) 374059
245 #0 - TITLE STATEMENT
Title Human ecology of the Khadar tracts in Meerut district.
260 ## - PUBLICATION, DISTRIBUTION, ETC.
Place of publication, distribution, etc. "Delhi,"
Name of publisher, distributor, etc. "University of Delhi, "
Date of publication, distribution, etc. 1984
300 ## - PHYSICAL DESCRIPTION
Extent 284p Bibliography at the end
Dimensions cm.
490 ## - SERIES STATEMENT
Series statement "University of Delhi, Geography (Deptt. of-), Thesis. Thesis, University of Delhi, Geography (Deptt. of-"
942 ## - ADDED ENTRY ELEMENTS (KOHA)
Classification part "Y:(G:5).25253, M4/Th"
Koha item type
Holdings
Withdrawn status Lost status Damaged status Not for loan Home library Current library Date acquired Total Checkouts Full call number Barcode Date last seen Price effective from Koha item type
        Ratan Tata Library Ratan Tata Library 2022-09-27   "Y:(G:5).25253 M4/Th" RTTH005544 2022-09-27 2022-09-27  
Copyright @ Delhi University Library System